000309964 001__ 309964
000309964 005__ 20230204173950.0
000309964 0247_ $$aG:(GEPRIS)45810042$$d45810042
000309964 035__ $$aG:(GEPRIS)45810042
000309964 040__ $$aGEPRIS$$chttp://gepris.its.kfa-juelich.de
000309964 150__ $$aStructure-based Drug Design an essentiellen Enzymen von pathogenen Erregern (B07)$$y2007 - 2015
000309964 371__ $$aProfessorin Dr. Caroline Kisker
000309964 450__ $$aSFB 630 B07$$wd$$y2007 - 2015
000309964 5101_ $$0I:(DE-588b)2007744-0$$aDeutsche Forschungsgemeinschaft$$bDFG
000309964 550__ $$0G:(GEPRIS)5485822$$aSFB 630: Erkennung, Gewinnung und funktionale Analyse von Wirkstoffen gegen Infektionskrankheiten$$wt
000309964 680__ $$aBasierend auf neuen Schätzungen der Welt-Gesundheits-Organisation ist ein Drittel der Weltbevölke-rung mit dem Tuberkuloseerreger infiziert und etwa 10% der Infizierten entwickeln eine aktive Infektion. Mehr als zwei Millionen Menschen sterben jährlich auf Grund einer Tuberkuloseinfektion. Im Mittelpunkt des Teilprojektes steht die Analyse essentieller Proteine der Fettsäurebiosynthese, aus pathogenen Erregern insbesondere aus Mycobacterium tuberculosis, um neue Inhibitoren zu entwickeln, die sowohl gegen sensible als auch resistente Erreger wirksam sind.
000309964 909CO $$ooai:juser.fz-juelich.de:976839$$pauthority:GRANT$$pauthority
000309964 909CO $$ooai:juser.fz-juelich.de:976839
000309964 980__ $$aG
000309964 980__ $$aAUTHORITY